[Event "World op"]
[Site "Philadelphia USA"]
[Date "2001.07.08"]
[Round "8"]
[White "Ehlvest, Jaan"]
[Black "Kriventsov, Stanislav"]
[Result "0-1"]
[WhiteElo "2630"]
[BlackElo "2350"]
[PlyCount "76"]
[EventDate "2001.06.30"]
[EventType "swiss"]
[EventRounds "9"]
[EventCountry "USA"]
[Source "Mark Crowther"]
[SourceDate "2001.07.30"]

1. e4 c5 2. Nf3 e6 3. c3 Nf6 4. e5 Nd5 5. d4 cxd4 6. cxd4 b6 7. Nc3 Nxc3 8.
bxc3 Qc7 9. Bd2 Bb7 10. Bd3 d6 11. O-O Nd7 12. Re1 dxe5 13. dxe5 Be7 14. Nd4 g6
15. Bh6 O-O-O 16. Qe2 Nc5 17. Bc2 Kb8 18. Qe3 Rd5 19. Qf4 Bf8 20. Bxf8 Rxf8 21.
Re3 Nd7 22. Rae1 g5 23. Qe4 Rxe5 24. Qxh7 Qxc3 25. Rxe5 Nxe5 26. Rd1 Nc6 27.
Ne2 Qc4 28. Ng3 Qxa2 29. h3 Rd8 30. Re1 Rd7 31. Be4 Qd2 32. Qh8+ Rd8 33. Qa1
Nd4 34. Kh2 Bxe4 35. Rxe4 Qxf2 36. Qa3 f6 37. Re3 g4 38. Nh1 Qf4+ 0-1

[Event "Marchand op"]
[Site "Rochester NY USA"]
[Date "2001.04.08"]
[Round "3"]
[White "Kriventsov, Stanislav"]
[Black "Dunne, Alex"]
[Result "1-0"]
[WhiteElo "2350"]
[BlackElo "2256"]
[PlyCount "62"]
[EventDate "2001.04.07"]
[EventType "swiss"]
[EventRounds "5"]
[EventCountry "USA"]
[Source "Mark Crowther"]
[SourceDate "2001.04.16"]

1. e4 Nc6 2. Nf3 d6 3. d4 Nf6 4. d5 Ne5 5. Nxe5 dxe5 6. Bd3 e6 7. c4 exd5 8.
cxd5 Bc5 9. Bg5 h6 10. Bh4 Qd6 11. Nd2 Bg4 12. Qc2 O-O 13. Bxf6 gxf6 14. f3 Bd7
15. O-O-O b5 16. Kb1 a5 17. g4 a4 18. h4 Rfb8 19. g5 Be3 20. Nf1 Bf4 21. gxf6
Kf8 22. Rg1 b4 23. Qe2 Qxf6 24. Ne3 Qxh4 25. Bc4 Qf6 26. d6 Bxe3 27. dxc7 Bxg1
28. cxb8=Q+ Rxb8 29. Rxd7 Qh4 30. Rxf7+ Ke8 31. Qd1 Rd8 1-0

[Event "Washington Eastern op"]
[Site "Washington USA"]
[Date "2000.12.28"]
[Round "3"]
[White "Kriventsov, Stanislav"]
[Black "Privman, Boris"]
[Result "1-0"]
[WhiteElo "2323"]
[BlackElo "2335"]
[PlyCount "67"]
[EventDate "2000.12.27"]
[EventType "swiss"]
[EventRounds "8"]
[EventCountry "USA"]
[Source "ChessBase"]
[SourceDate "2001.11.25"]

1. e4 e6 2. d4 d5 3. Nc3 Nf6 4. Bg5 Bb4 5. e5 h6 6. Bd2 Bxc3 7. bxc3 Ne4 8. Qg4
g6 9. Bd3 Nxd2 10. Kxd2 c5 11. Nf3 Qe7 12. Rhb1 b6 13. Bb5+ Bd7 14. a4 O-O 15.
h4 c4 16. Nh2 a6 17. Bxd7 Nxd7 18. Qf4 Kg7 19. g3 Rab8 20. Ng4 g5 21. hxg5 hxg5
22. Qe3 Rh8 23. Rh1 Kg6 24. f4 Rbg8 25. Ke2 Qd8 26. Rhf1 Rh5 27. Qf3 f5 28.
exf6 Nxf6 29. f5+ Kg7 30. Rf2 Nxg4 31. Qxg4 Rh6 32. fxe6 Rxe6+ 33. Qxe6 Re8 34.
Rf7+ 1-0

[Event "Washington Eastern op"]
[Site "Washington USA"]
[Date "2000.12.29"]
[Round "5"]
[White "Kriventsov, Stanislav"]
[Black "Reichstein, Boris"]
[Result "1/2-1/2"]
[WhiteElo "2323"]
[BlackElo "2239"]
[PlyCount "43"]
[EventDate "2000.12.27"]
[EventType "swiss"]
[EventRounds "8"]
[EventCountry "USA"]
[Source "ChessBase"]
[SourceDate "2001.11.25"]

1. e4 c5 2. Nf3 Nc6 3. d4 cxd4 4. Nxd4 Nf6 5. Nc3 e5 6. Ndb5 d6 7. Bg5 a6 8.
Na3 b5 9. Nd5 Be7 10. Bxf6 Bxf6 11. c3 O-O 12. Nc2 Be6 13. Nxf6+ Qxf6 14. Qxd6
Rac8 15. Qd2 Rfd8 16. Qe3 Qg6 17. h4 h5 18. Bd3 Na5 19. O-O Nc4 20. Bxc4 Bxc4
21. Rfd1 Qg4 22. Rxd8+ 1/2-1/2

[Event "National Chess Congress"]
[Site "Philadelphia USA"]
[Date "2000.11.28"]
[Round "5"]
[White "Kriventsov, Stanislav"]
[Black "Koenig, David"]
[Result "1-0"]
[WhiteElo "2323"]
[BlackElo "2310"]
[PlyCount "81"]
[EventDate "2000.11.26"]
[EventType "swiss"]
[EventRounds "6"]
[EventCountry "USA"]
[Source "Mark Crowther"]
[SourceDate "2000.11.27"]

1. e4 e5 2. Nf3 Nc6 3. Bb5 Nf6 4. O-O Nxe4 5. d4 a6 6. Ba4 b5 7. Bb3 d5 8. dxe5
Be6 9. Be3 Be7 10. c3 Qd7 11. Nbd2 Rd8 12. Bc2 Nxd2 13. Qxd2 Bf5 14. Rad1 O-O
15. Rfe1 Na5 16. Bxf5 Qxf5 17. b3 Nb7 18. Nd4 Qg6 19. f4 f5 20. b4 c5 21. Nb3
Qc6 22. a3 a5 23. Rc1 Ra8 24. Red1 Rfd8 25. Qf2 Rac8 26. Qf3 g6 27. h3 Qe6 28.
Kh2 Qd7 29. Bf2 h5 30. bxa5 Ra8 31. c4 bxc4 32. Rxc4 Qb5 33. Rc2 c4 34. Nd4 Qd7
35. Rb2 Kh7 36. Nxf5 gxf5 37. Qxh5+ Kg8 38. Qg6+ Kf8 39. e6 Qe8 40. Qh6+ Kg8
41. Bd4 1-0

[Event "New York op"]
[Site "New York USA"]
[Date "2000.05.05"]
[Round "2"]
[White "David, Alberto"]
[Black "Kriventsov, Stanislav"]
[Result "1-0"]
[WhiteElo "2520"]
[BlackElo "2329"]
[PlyCount "45"]
[EventDate "2000.05.05"]
[EventType "swiss"]
[EventRounds "9"]
[EventCountry "USA"]
[Source "Mark Crowther"]
[SourceDate "2000.05.15"]

1. e4 c5 2. Nf3 e6 3. Nc3 a6 4. d4 cxd4 5. Nxd4 b5 6. Bd3 Qb6 7. Nf3 d6 8. a4
b4 9. a5 Qc7 10. Na4 Nd7 11. Be3 Bb7 12. Nb6 Nxb6 13. axb6 Qc8 14. O-O Nf6 15.
c3 Ng4 16. cxb4 Nxe3 17. fxe3 Qc6 18. Nd4 Qd7 19. Bc2 Ke7 20. Ba4 Qd8 21. Qg4
f5 22. exf5 e5 23. f6+ 1-0

[Event "New York op"]
[Site "New York USA"]
[Date "2000.05.06"]
[Round "4"]
[White "Christiansen, Larry"]
[Black "Kriventsov, Stanislav"]
[Result "1-0"]
[WhiteElo "2596"]
[BlackElo "2329"]
[PlyCount "107"]
[EventDate "2000.05.05"]
[EventType "swiss"]
[EventRounds "9"]
[EventCountry "USA"]
[Source "Mark Crowther"]
[SourceDate "2000.05.15"]

1. c4 c5 2. Nf3 Nc6 3. d4 cxd4 4. Nxd4 e6 5. Nc3 Bb4 6. g3 Qb6 7. Ndb5 Nf6 8.
Be3 Qa5 9. a3 Bxc3+ 10. Nxc3 Ng4 11. Qd2 Nxe3 12. Qxe3 Qe5 13. Qd3 Qd4 14. Qxd4
Nxd4 15. O-O-O Nc6 16. Bg2 b6 17. Nb5 Ke7 18. Nd6 a6 19. b4 Ra7 20. f4 Rc7 21.
Kc2 f5 22. Rd3 Nd8 23. Rhd1 Nb7 24. Bxb7 Bxb7 25. a4 Ba8 26. Kb3 h6 27. Re3 Rf8
28. b5 a5 29. h4 h5 30. Red3 g6 31. Rd4 Rg8 32. R1d3 Rf8 33. e4 Rd8 34. e5 Bg2
35. Rd2 Bf3 36. Kc3 Ba8 37. Kd3 Bf3 38. Ke3 Ba8 39. c5 bxc5 40. Rc4 Bd5 41. Rc3
c4 42. Kd4 Rb8 43. Rdc2 Kd8 44. Rb2 Ke7 45. Nxc4 Bxc4 46. Rxc4 Rcb7 47. Rc5 Kd8
48. Kc4 Rb6 49. Rd2 R8b7 50. Rc6 Rc7 51. Rxc7 Kxc7 52. Kc5 Rb8 53. b6+ Kc8 54.
Kb5 1-0

[Event "Mt Vernon op"]
[Site "Mt Vernon USA"]
[Date "2000.??.??"]
[Round "3"]
[White "Kriventsov, Stanislav"]
[Black "Greanias, Steve"]
[Result "1-0"]
[WhiteElo "2329"]
[BlackElo "2224"]
[PlyCount "61"]
[EventDate "2000.??.??"]
[EventType "swiss"]
[EventRounds "5"]
[EventCountry "USA"]
[Source "ChessBase"]
[SourceDate "2001.11.25"]

1. e4 c5 2. Nf3 e6 3. d4 cxd4 4. Nxd4 a6 5. Bd3 Qb6 6. Nb3 Nc6 7. O-O Nf6 8.
Nc3 Qc7 9. Qe2 Be7 10. f4 O-O 11. e5 Ne8 12. Bd2 f6 13. Rae1 fxe5 14. fxe5
Rxf1+ 15. Kxf1 g6 16. Bf4 Ng7 17. Qg4 d5 18. exd6 Bxd6 19. Bxd6 Qxd6 20. Qh4
Nh5 21. Kg1 b6 22. g4 Nf4 23. Ne4 Qc7 24. Nf6+ Kh8 25. Nxh7 Qxh7 26. Qf6+ Qg7
27. Qxf4 Bd7 28. Qg5 Nd4 29. Nxd4 Qxd4+ 30. Re3 Bc6 31. c3 1-0

[Event "Mt Vernon op"]
[Site "Mt Vernon USA"]
[Date "2000.??.??"]
[Round "5"]
[White "Boudreaux, Floyd"]
[Black "Kriventsov, Stanislav"]
[Result "0-1"]
[WhiteElo "2288"]
[BlackElo "2329"]
[PlyCount "68"]
[EventDate "2000.??.??"]
[EventType "swiss"]
[EventRounds "5"]
[EventCountry "USA"]
[Source "ChessBase"]
[SourceDate "2001.11.25"]

1. Nf3 g6 2. d4 Nf6 3. c4 Bg7 4. Nc3 d5 5. cxd5 Nxd5 6. e4 Nxc3 7. bxc3 c5 8.
Be3 Qa5 9. Qd2 O-O 10. Rc1 Rd8 11. d5 Nc6 12. c4 Nb4 13. Be2 b6 14. O-O Qxa2
15. Qd1 Bg4 16. h3 Bxf3 17. Bxf3 Nc6 18. Re1 Bd4 19. Re2 Qa6 20. g3 Ne5 21. Bg2
Bxe3 22. Rxe3 Nxc4 23. Rec3 Ne5 24. Ra1 Qc8 25. Qb3 Nd3 26. f4 Nb4 27. h4 a5
28. f5 b5 29. fxg6 hxg6 30. Kh2 c4 31. Qd1 Nd3 32. Rc2 Ne5 33. Qd4 Qc7 34. Rf1
Ng4+ 0-1

[Event "Eastern op"]
[Site "Washington DC USA"]
[Date "1999.12.26"]
[Round "2"]
[White "Ritvin, Stanislav"]
[Black "Kriventsov, Stanislav"]
[Result "0-1"]
[WhiteElo "2258"]
[BlackElo "2322"]
[PlyCount "40"]
[EventDate "1999.12.26"]
[EventType "swiss"]
[EventRounds "8"]
[EventCountry "USA"]

1. d4 Nf6 2. c4 g6 3. Nc3 d5 4. g3 Bg7 5. Bg2 dxc4 6. Qa4+ Nfd7 7. Nf3 O-O 8.
Be3 Nb6 9. Qc2 c6 10. O-O Nd5 11. Bg5 h6 12. Bd2 Be6 13. e4 Nb4 14. Qa4 Nd3 15.
Be3 b5 16. Qc2 Na6 17. Qd2 Bg4 18. Ne2 e5 19. Nxe5 Nxe5 20. dxe5 Qxd2 0-1

[Event "Eastern op"]
[Site "Washington DC USA"]
[Date "1999.12.28"]
[Round "6"]
[White "Lee Wang Sheng"]
[Black "Kriventsov, Stanislav"]
[Result "1-0"]
[WhiteElo "2260"]
[BlackElo "2322"]
[PlyCount "53"]
[EventDate "1999.12.26"]
[EventType "swiss"]
[EventRounds "8"]
[EventCountry "USA"]

1. d4 Nf6 2. c4 g6 3. Nc3 d5 4. cxd5 Nxd5 5. Bd2 Bg7 6. e4 Nb6 7. Be3 Nc6 8. d5
Nb8 9. Bd4 Bxd4 10. Qxd4 O-O 11. O-O-O e6 12. Nf3 exd5 13. exd5 c6 14. d6 f5
15. Bc4+ Nxc4 16. Qxc4+ Kg7 17. Rhe1 Qf6 18. Re7+ Kh8 19. Ne5 b5 20. Qb3 b4 21.
Na4 Qg5+ 22. Kb1 Qxg2 23. Nf7+ Kg7 24. Ng5+ Kh6 25. f4 Kh5 26. Rxh7+ Kg4 27.
Qe3 1-0

[Event "National Chess Congress"]
[Site "Philadelphia USA"]
[Date "1999.11.27"]
[Round "2"]
[White "Kriventsov, Stanislav"]
[Black "Karklins, Andrew"]
[Result "0-1"]
[WhiteElo "2322"]
[BlackElo "2345"]
[PlyCount "68"]
[EventDate "1999.11.26"]
[EventType "swiss"]
[EventRounds "6"]
[EventCountry "USA"]

1. e4 c5 2. Nf3 Nc6 3. d4 cxd4 4. Nxd4 Nf6 5. Nc3 d6 6. f3 Nxd4 7. Qxd4 g6 8.
Bg5 Bg7 9. Bb5+ Bd7 10. Bxd7+ Qxd7 11. Nd5 Nh5 12. Qb4 e6 13. Nc3 a5 14. Qb3 a4
15. Qb4 a3 16. g4 axb2 17. Rd1 Qc6 18. Nb1 h6 19. Rxd6 Bf8 20. Qa5 b6 21. Rxc6
bxa5 22. gxh5 hxg5 23. hxg6 Rb8 24. gxf7+ Kxf7 25. O-O Bg7 26. f4 Rhc8 27.
fxg5+ Ke7 28. Ra6 Bd4+ 29. Kg2 Rxc2+ 30. Kg3 Rc1 31. Kg2 Rxf1 32. Kxf1 Rc8 33.
Na3 Rc3 34. Rxa5 Rxa3 0-1

[Event "Northern Virginia op"]
[Site "Mt Vernon USA"]
[Date "1999.11.14"]
[Round "5"]
[White "Wojtkiewicz, Aleksander"]
[Black "Kriventsov, Stanislav"]
[Result "1/2-1/2"]
[WhiteElo "2567"]
[BlackElo "2322"]
[PlyCount "92"]
[EventDate "1999.11.13"]
[EventType "swiss"]
[EventRounds "6"]
[EventCountry "USA"]
[Source "ChessBase"]
[SourceDate "2001.11.25"]

1. Nf3 g6 2. d4 Nf6 3. c4 Bg7 4. g3 d5 5. cxd5 Nxd5 6. Bg2 Nb6 7. O-O Nc6 8.
Nc3 Nxd4 9. Nxd4 Qxd4 10. Nb5 Qxd1 11. Rxd1 Be5 12. Bf4 Bxf4 13. gxf4 O-O 14.
Nxc7 Rb8 15. a4 Bg4 16. a5 Nc4 17. Rd4 Bxe2 18. Re1 Rfd8 19. Rxd8+ Rxd8 20.
Rxe2 Rd1+ 21. Bf1 Nd2 22. Kg2 Nxf1 23. Nb5 e6 24. Rc2 a6 25. Rc8+ Kg7 26. Nc3
Ra1 27. Rd8 f5 28. Nd1 Nxh2 29. Kxh2 Rxa5 30. Rd7+ Kf6 31. Rxb7 Rd5 32. Ne3 Rd4
33. Kg3 h6 34. Rb6 g5 35. fxg5+ hxg5 36. Kf3 a5 37. Rc6 Rd3 38. Ke2 Rb3 39. Nc4
g4 40. Rb6 Rh3 41. Nxa5 f4 42. Nc4 Rh2 43. Ke1 Rh1+ 44. Kd2 g3 45. fxg3 fxg3
46. Ne3 g2 1/2-1/2

[Event "Atlantic op"]
[Site "Washington USA"]
[Date "1999.08.29"]
[Round "5"]
[White "Kriventsov, Stanislav"]
[Black "Kamat, Amar"]
[Result "1-0"]
[WhiteElo "2322"]
[BlackElo "2225"]
[PlyCount "89"]
[EventDate "1999.08.27"]
[EventType "swiss"]
[EventRounds "5"]
[EventCountry "USA"]

1. e4 e6 2. d4 d5 3. Nc3 Nf6 4. Bg5 Be7 5. e5 Nfd7 6. Bxe7 Qxe7 7. f4 a6 8. Nf3
c5 9. dxc5 Qxc5 10. Qd4 Nc6 11. Qxc5 Nxc5 12. Bd3 b5 13. a3 Ra7 14. b4 Nd7 15.
Kd2 O-O 16. Rhe1 Nb6 17. Ne2 Nc4+ 18. Bxc4 dxc4 19. Ke3 Ne7 20. g3 Nd5+ 21. Kf2
h6 22. c3 Bd7 23. Nfd4 Kh7 24. Nc2 Bc6 25. Ne3 Nb6 26. Red1 Bd5 27. g4 f6 28.
exf6 Rxf6 29. Kg3 g5 30. Rf1 Raf7 31. Rf2 e5 32. f5 Be4 33. Rd1 Bd3 34. Nc1 Rd7
35. Rfd2 e4 36. h4 Rfd6 37. hxg5 hxg5 38. Rh2+ Kg7 39. Rdh1 Kf6 40. Rh8 Na4 41.
R1h6+ Kf7 42. R6h7+ Kf6 43. Rf8+ Ke5 44. Re8+ Kf6 45. Nd5+ 1-0

[Event "Eastern Open"]
[Site "Washington USA"]
[Date "1998.12.26"]
[Round "2"]
[White "Kriventsov, Stanislav"]
[Black "Kaufman, Larry"]
[Result "0-1"]
[WhiteElo "2305"]
[BlackElo "2400"]
[PlyCount "100"]
[EventDate "1998.??.??"]
[EventType "swiss"]
[EventRounds "8"]
[EventCountry "USA"]

1. e4 e5 2. Nf3 Nc6 3. Bb5 Nf6 4. O-O Nxe4 5. d4 a6 6. Bxc6 dxc6 7. Re1 Nf6 8.
Rxe5+ Be7 9. Qe1 h6 10. Nh4 Ng4 11. Re4 g5 12. Nf3 Be6 13. Rxe6 fxe6 14. Qxe6
Nf6 15. Ne5 Qd5 16. Qf5 Qe4 17. Qxe4 Nxe4 18. f3 Nd6 19. c3 O-O-O 20. Nd2 Bf6
21. Nd3 Rhe8 22. Kf2 b6 23. Nf1 Nf5 24. g4 Nh4 25. Ne1 Be7 26. Be3 Bd6 27. Ng3
Re7 28. Rd1 Rde8 29. Rd3 Kb7 30. b3 a5 31. c4 Bb4 32. Nc2 Rf7 33. Bc1 Ref8 34.
f4 gxf4 35. Nh5 Be7 36. Rd1 Bg5 37. Re1 Re7 38. Rxe7 Bxe7 39. Ne1 Bg5 40. Nd3
Ng6 41. Kf3 Nh4+ 42. Kf2 f3 43. Bxg5 hxg5 44. Ng7 Rd8 45. Ke3 Rg8 46. Nf5 Re8+
47. Kf2 Re2+ 48. Kf1 Rxh2 49. Nf2 Nxf5 50. gxf5 Rh4 0-1

[Event "Eastern Open"]
[Site "Washington USA"]
[Date "1998.12.29"]
[Round "8"]
[White "Kriventsov, Stanislav"]
[Black "Castaneda, Nelson"]
[Result "1-0"]
[WhiteElo "2305"]
[BlackElo "2365"]
[PlyCount "69"]
[EventDate "1998.??.??"]
[EventType "swiss"]
[EventRounds "8"]
[EventCountry "USA"]

1. e4 d6 2. d4 Nf6 3. Nc3 g6 4. Be3 Bg7 5. Qd2 h6 6. f3 Nbd7 7. O-O-O c6 8. e5
Nd5 9. Nxd5 cxd5 10. exd6 exd6 11. Bf4 Qb6 12. Re1+ Kf8 13. c3 Nf6 14. g4 Bd7
15. Bd3 Rc8 16. Kb1 a5 17. h4 a4 18. a3 h5 19. g5 Ne8 20. Bg3 Nc7 21. Qf4 Ne6
22. Qxd6+ Qxd6 23. Bxd6+ Kg8 24. Ne2 Kh7 25. Ng3 Rc6 26. Bb4 Kg8 27. f4 Nxf4
28. Bb5 Rc7 29. Re7 Bxb5 30. Rxc7 Ba6 31. Re1 Bf8 32. Bxf8 Kxf8 33. Ree7 Rh7
34. Re3 Ng2 35. Rc8+ 1-0

[Event "Moscow-ch op"]
[Site "Moscow RUS"]
[Date "1995.??.??"]
[Round "1"]
[White "Kriventsov, Stanislav"]
[Black "Lugovoi, Aleksei"]
[Result "1-0"]
[WhiteElo "2315"]
[BlackElo "2490"]
[PlyCount "75"]
[EventDate "1995.??.??"]
[EventType "swiss"]
[EventRounds "11"]
[EventCountry "RUS"]
[Source "ChessBase"]
[SourceDate "1997.11.17"]

1. e4 d6 2. d4 Nf6 3. Nc3 g6 4. Nf3 Bg7 5. h3 O-O 6. Be3 e5 7. dxe5 dxe5 8.
Qxd8 Rxd8 9. Bc4 Nc6 10. Ng5 Rf8 11. Bc5 Nd4 12. Bxf8 Nxc2+ 13. Kd2 Nxa1 14.
Bxg7 Kxg7 15. Rxa1 Bd7 16. Ke3 h6 17. Nf3 Re8 18. Rd1 Re7 19. Nd5 Nxd5+ 20.
Rxd5 f6 21. Rd3 Kf8 22. Nd2 Kg7 23. Nb1 Kf8 24. Nc3 c6 25. Rd6 Kg7 26. a4 a5
27. h4 h5 28. f3 g5 29. hxg5 fxg5 30. Ne2 h4 31. g4 Kh7 32. Ng1 b6 33. Nh3 Rg7
34. Be6 Be8 35. Bf5+ Kg8 36. Re6 Kf8 37. Rxe5 Bf7 38. Be6 1-0

[Event "Moscow-ch op"]
[Site "Moscow RUS"]
[Date "1995.??.??"]
[Round "2"]
[White "Arbakov, Valentin"]
[Black "Kriventsov, Stanislav"]
[Result "1-0"]
[WhiteElo "2455"]
[BlackElo "2315"]
[PlyCount "113"]
[EventDate "1995.??.??"]
[EventType "swiss"]
[EventRounds "11"]
[EventCountry "RUS"]
[Source "ChessBase"]
[SourceDate "1997.11.17"]

1. c4 Nf6 2. Nf3 c5 3. Nc3 Nc6 4. g3 b6 5. Bg2 Bb7 6. O-O e6 7. e3 d5 8. cxd5
Nxd5 9. Nxd5 Qxd5 10. d4 Qd7 11. dxc5 Qxd1 12. Rxd1 Bxc5 13. Ne5 Nxe5 14. Bxb7
Rb8 15. Bg2 Ke7 16. Bd2 f6 17. Kf1 Rhd8 18. Ke2 a5 19. a3 Bd6 20. Bc3 Nc4 21.
Rac1 Rdc8 22. f4 b5 23. Be4 Bc5 24. Rd3 Rd8 25. Bxa5 Rxd3 26. Bxd3 Bxe3 27.
Bb4+ Kf7 28. Rc2 Bd4 29. b3 Ne3 30. Rc7+ Kg8 31. Bd6 Rd8 32. Be7 Rb8 33. Rd7
Nd5 34. Bd6 Rc8 35. Rb7 e5 36. Bf5 Nc3+ 37. Kd3 Rd8 38. Be6+ Kh8 39. Rf7 Bc5
40. fxe5 fxe5 41. Kxc3 Bxd6 42. b4 e4 43. Rd7 Be5+ 44. Kb3 Rf8 45. Rd5 Rf3+ 46.
Kc2 Rf2+ 47. Kd1 Bf6 48. Rxb5 g5 49. Rf5 e3 50. Rxf2 exf2 51. Bc4 Kg7 52. Ke2
Bd4 53. Kf3 Kf6 54. Ke4 Ba7 55. Kd5 h5 56. a4 Ke7 57. Kc6 1-0

[Event "Moscow-ch op"]
[Site "Moscow RUS"]
[Date "1995.??.??"]
[Round "7"]
[White "Kriventsov, Stanislav"]
[Black "Kosyrev, Vladimir"]
[Result "1/2-1/2"]
[WhiteElo "2315"]
[BlackElo "2155"]
[PlyCount "75"]
[EventDate "1995.??.??"]
[EventType "swiss"]
[EventRounds "11"]
[EventCountry "RUS"]
[Source "ChessBase"]
[SourceDate "1997.11.17"]

1. e4 e6 2. d4 d5 3. Nc3 Bb4 4. e5 c5 5. a3 Bxc3+ 6. bxc3 Ne7 7. Nf3 Nbc6 8.
Bd3 Qa5 9. Bd2 cxd4 10. cxd4 Qa4 11. O-O Nxd4 12. Rb1 Nec6 13. Re1 b6 14. Nxd4
Qxd4 15. Qh5 h6 16. Rb4 Nxb4 17. Bb5+ Kf8 18. Bxb4+ Kg8 19. Be8 Qf4 20. g3 Qf5
21. Qxf5 exf5 22. Bc6 Rb8 23. Bd6 Rb7 24. e6 fxe6 25. Bxb7 Bxb7 26. Rxe6 d4 27.
Re8+ Kh7 28. Re7 Be4 29. Be5 Rg8 30. Bxd4 Bxc2 31. Rxa7 b5 32. f4 h5 33. h4 Be4
34. Kf2 Ra8 35. Rxg7+ Kh6 36. Rg5 Rxa3 37. Bg7+ Kh7 38. Bf6 1/2-1/2

[Event "Moscow-ch op"]
[Site "Moscow RUS"]
[Date "1995.??.??"]
[Round "8"]
[White "Ivashko, Sergey"]
[Black "Kriventsov, Stanislav"]
[Result "0-1"]
[WhiteElo "2215"]
[BlackElo "2315"]
[PlyCount "52"]
[EventDate "1995.??.??"]
[EventType "swiss"]
[EventRounds "11"]
[EventCountry "RUS"]
[Source "ChessBase"]
[SourceDate "1997.11.17"]

1. e4 c5 2. Nf3 e6 3. d4 cxd4 4. Nxd4 a6 5. Nc3 Qc7 6. Bd3 Nc6 7. Be3 Nf6 8.
O-O Be7 9. Nxc6 bxc6 10. f4 d5 11. e5 Nd7 12. Qg4 g6 13. Ne2 c5 14. c3 Bb7 15.
Rac1 O-O-O 16. b4 h5 17. Qg3 h4 18. Qf2 h3 19. Rfd1 hxg2 20. bxc5 Rxh2 21. c6
Rdh8 22. cxb7+ Qxb7 23. Qf3 R8h3 24. Ng3 Bh4 25. Rb1 Qa8 26. Qe2 Rh1+ 0-1

[Event "Moscow-ch"]
[Site "Moscow RUS"]
[Date "1994.??.??"]
[Round "?"]
[White "Kriventsov, Stanislav"]
[Black "Gagarin, Vasilij"]
[Result "1-0"]
[WhiteElo "2285"]
[BlackElo "2460"]
[PlyCount "105"]
[EventDate "1994.??.??"]
[EventType "swiss"]
[EventCountry "RUS"]

1. e4 c5 2. Nf3 Nc6 3. d4 cxd4 4. Nxd4 Nf6 5. Nc3 e5 6. Ndb5 d6 7. Bg5 a6 8.
Na3 b5 9. Nd5 Be7 10. Bxf6 Bxf6 11. c3 O-O 12. Nc2 Bb7 13. Nce3 Bg5 14. Nf5 Ne7
15. Nfxe7+ Bxe7 16. a4 bxa4 17. Rxa4 a5 18. b3 Kh8 19. g3 Rc8 20. c4 Bxd5 21.
cxd5 Qb6 22. Bc4 f5 23. exf5 Rxf5 24. O-O Rcf8 25. Ra2 Bd8 26. Bd3 R5f6 27. Be4
g6 28. Qd3 Qb8 29. Kg2 R6f7 30. f3 Rb7 31. Rb1 Kg7 32. h4 Kh8 33. Ra4 Rff7 34.
Rc4 Bb6 35. Rc6 Bc5 36. Qa6 Kg7 37. Qxa5 Rxb3 38. Rxb3 Qxb3 39. Rc7 Qb2+ 40.
Kh3 Bb6 41. Rxf7+ Kxf7 42. Qa4 Ke7 43. h5 Qc1 44. hxg6 Qh1+ 45. Kg4 h5+ 46. Kg5
Be3+ 47. f4 Qh3 48. Bf5 Qxg3+ 49. Kh6 Kf6 50. Kh7 Kxf5 51. Qd7+ Ke4 52. g7 Qxf4
53. Qe6 1-0

[Event "Moscow-ch"]
[Site "Moscow RUS"]
[Date "1994.??.??"]
[Round "?"]
[White "Kriventsov, Stanislav"]
[Black "Vlassov, Nikolai"]
[Result "0-1"]
[WhiteElo "2285"]
[BlackElo "2425"]
[PlyCount "92"]
[EventDate "1994.??.??"]
[EventType "swiss"]
[EventCountry "RUS"]

1. e4 Nc6 2. d4 d6 3. Nf3 Bg4 4. Be2 Nf6 5. d5 Nb8 6. h3 Bh5 7. Nc3 c6 8. O-O
h6 9. Nd4 Bg6 10. Bd3 a6 11. Re1 c5 12. Nf5 b5 13. b3 Nbd7 14. f4 Nb6 15. Nh4
Bh7 16. e5 dxe5 17. Bxh7 Nxh7 18. Nf3 b4 19. Ne4 Qxd5 20. Qe2 Nf6 21. Nxf6+
gxf6 22. fxe5 fxe5 23. Bb2 f6 24. Rad1 Qe6 25. Bxe5 Nd7 26. Qe4 Ra7 27. Qg6+
Qf7 28. Qd3 Qh7 29. Qd5 Qf5 30. Qc6 Kf7 31. g4 Qxc2 32. Rxd7 Rxd7 33. Qxd7 fxe5
34. Nxe5+ Kg7 35. Rf1 Rg8 36. Qd8 Qe4 37. Nd7 Qd4+ 38. Kg2 Qd5+ 39. Kg3 Qd6+
40. Kh4 e5 41. Rxf8 Rxf8 42. Qxf8+ Qxf8 43. Nxf8 Kxf8 44. g5 hxg5+ 45. Kxg5 a5
46. Kf5 c4 0-1

[Event "British Columbia-ch"]
[Site "Vancouver CAN"]
[Date "2018.10.05"]
[Round "1.2"]
[White "Kriventsov, Stanislav"]
[Black "Nyamdorj, Davaa-Ochir"]
[Result "1-0"]
[WhiteElo "2361"]
[BlackElo "2318"]
[PlyCount "191"]
[EventDate "2018.10.05"]
[EventType "tourn"]
[EventRounds "1"]
[EventCountry "CAN"]

1. e4 e5 2. Nf3 Nc6 3. Bb5 Nf6 4. d3 Bc5 5. O-O Nd4 6. Nxd4 Bxd4 7. c3 Bb6 8.
Bg5 c6 9. Ba4 h6 10. Bh4 d6 11. Nd2 g5 12. Bg3 Bg4 13. Qe1 Nh5 14. Bd1 Bxd1 15.
Rxd1 Nf4 16. Nc4 h5 17. d4 Qf6 18. dxe5 dxe5 19. Bxf4 gxf4 20. Nd6+ Kf8 21. Qe2
h4 22. h3 Rg8 23. Nf5 Qg6 24. Qf3 Qh7 25. Kh1 Rg5 26. Rd7 Rxf5 27. exf5 Qxf5
28. Qg4 Qxg4 29. hxg4 e4 30. b4 Rb8 31. c4 Ke8 32. Rd6 e3 33. c5 Rd8 34. Rxd8+
Bxd8 35. fxe3 fxe3 36. Rf5 Bf6 37. Rf3 Bg5 38. Kg1 Ke7 39. Kf1 Ke6 40. Ke2 f6
41. Kd3 Kd5 42. Rf5+ Ke6 43. a3 a6 44. a4 Ke7 45. Rf1 Ke6 46. Ke4 Bh6 47. Re1
Bg5 48. Rd1 Bh6 49. Rd6+ Ke7 50. Kf5 Bg5 51. Re6+ Kf7 52. b5 axb5 53. axb5 cxb5
54. Rb6 Ke8 55. Ke4 Kd8 56. Kd3 Kc7 57. Re6 Kd7 58. Rd6+ Kc7 59. Kc3 Kc8 60.
Re6 Kd7 61. Rd6+ Kc7 62. Kd3 Kc8 63. Rb6 Kc7 64. Rxb5 Kc6 65. Ra5 Kd5 66. Rb5
Kc6 67. Rb6+ Kxc5 68. Rxb7 Kd6 69. Rb4 Ke5 70. Re4+ Kd5 71. Re8 Bh6 72. Ra8 Ke5
73. Ra4 Bg5 74. Ke2 Bh6 75. Kf3 Bg5 76. Ra5+ Kd4 77. Rf5 Kc4 78. Ra5 Kd4 79.
Ra8 Ke5 80. Rh8 Kd4 81. Re8 Kc4 82. Rd8 Bh6 83. Ke2 Bg5 84. Rd3 Kc5 85. Rxe3
Bxe3 86. Kxe3 Kd5 87. Kf4 Kd4 88. g5 fxg5+ 89. Kxg5 Ke5 90. Kxh4 Kf6 91. Kh5
Kf7 92. Kh6 Kg8 93. Kg6 Kh8 94. g4 Kg8 95. g5 Kh8 96. Kf7 1-0

[Event "British Columbia-ch"]
[Site "Vancouver CAN"]
[Date "2018.10.06"]
[Round "2.4"]
[White "Morozov, Grigoriy"]
[Black "Kriventsov, Stanislav"]
[Result "1/2-1/2"]
[WhiteElo "2365"]
[BlackElo "2361"]
[PlyCount "42"]
[EventDate "2018.10.05"]
[EventType "tourn"]
[EventRounds "1"]
[EventCountry "CAN"]

1. d4 Nf6 2. c4 g6 3. Nc3 d5 4. Bf4 Bg7 5. e3 c5 6. Nf3 O-O 7. Rc1 dxc4 8. dxc5
Qa5 9. Bxc4 Qxc5 10. Bb3 Nc6 11. O-O Qa5 12. h3 Bf5 13. Qe2 Ne4 14. Nd5 e5 15.
Bh2 Be6 16. Qc4 Nf6 17. Nxf6+ Bxf6 18. Qa4 Qxa4 19. Bxa4 e4 20. Bxc6 bxc6 21.
Nd4 Bxd4 1/2-1/2

[Event "British Columbia-ch"]
[Site "Vancouver CAN"]
[Date "2018.10.06"]
[Round "3.1"]
[White "Kriventsov, Stanislav"]
[Black "Doknjas, Joshua"]
[Result "1/2-1/2"]
[WhiteElo "2361"]
[BlackElo "2250"]
[PlyCount "39"]
[EventDate "2018.10.05"]
[EventType "tourn"]
[EventRounds "1"]
[EventCountry "CAN"]

1. e4 c5 2. Nf3 d6 3. d4 cxd4 4. Nxd4 Nf6 5. Nc3 a6 6. f3 e5 7. Nb3 Be6 8. Be3
Be7 9. Qd2 O-O 10. O-O-O Nbd7 11. g4 b5 12. g5 Nh5 13. Nd5 Bxd5 14. exd5 f6 15.
gxf6 Bxf6 16. Kb1 Nb6 17. Na5 Qc7 18. Nc6 Nf4 19. Bxf4 exf4 20. c3 1/2-1/2